000 00287nam a2200121 a 4500
001 4140
005 20140414131850.0
008 090218s19uu xx 00 eng d
050 _aM 595.1
_bV46 2003
100 _aVaughan, Jenny
245 _aWhy don't worms have legs?.
999 _c110151
_d110151